banner-ar

الشوقيات / (Record no. 35141)

MARC details
000 -الفاتح
حقل البيانات ثابتة الطول 00742nam a2200205Ia 4500
005 - وقت وتاريخ اخر تعامل مع التسجيلة
رقم الضبط 20240530102902.0
008 - عناصر البيانات ثابتة الطول - معلومات عامة
حقل البيانات ثابتة الطول 140319s9999 xx 000 0 ara d
040 ## - مصدر الفهرسة
وكالة الفهرسة الأصلية GCL /
وكالة النسخ GCL
082 04 - رقم تصنيف ديوى العشرى
رقم التصنيف 811.9
رقم المادة ا ش
100 1# - المدخل الرئيسى - إسم شخصى
الإسم الشخصى احمد شوقى
245 12 - بيان العنوان
العنوان الشوقيات /
بيان المسئوليه,etc احمد شوقى.
رقم الجزء/قسم العمل الجزء الاول :
اسم جزء/قسم العمل فى السياسة والتاريخ والاجتماع
رقم الجزء/قسم العمل الجزء الثانى :
اسم جزء/قسم العمل فى المرائى
260 ## - PUBLICATION, DISTRIBUTION, ETC. (IMPRINT)
تاريخ النشر أو التوزيع 1988
300 ## - الوصف المادى
التعداد 2 مج. ؛
أبعاد الوعاء 24 سم.
650 04 - المدخل الاضافى بالموضوع-مصطلح موضوعى
مصطلح موضوعي الشعر العربى
650 04 - المدخل الاضافى بالموضوع-مصطلح موضوعى
مصطلح موضوعي الادب العربى
650 04 - المدخل الاضافى بالموضوع-مصطلح موضوعى
مصطلح موضوعي العصر الحديث
650 04 - المدخل الاضافى بالموضوع-مصطلح موضوعى
مصطلح موضوعي احمد شوقى
942 ## - عناصر المدخل الإضافي( كوها)
مصدر التصنيف او مخطط الترفيف Dewey Decimal Classification
Koha [default] item type كتاب
260 ## - PUBLICATION, DISTRIBUTION, ETC. (IMPRINT)
-- بيروت :
-- دار العودة للصحافة والطباعه ،
Holdings
حالة التراجع حالة الفقد حالة تلف ليس للاعارة المكان المؤقت الموقع الحالى تاريخ الاكتساب اجمالي اﻻعارات رقم الطلب الباركود تاريخ اخر مشاهدة تاريخ تفعيل السعر نوع وعاء كوها مصدر التصنيف او خطة الترفيف
        مكتبة القاهرة الكبرى مكتبة القاهرة الكبرى 03/26/2014   811.9\ا ش 85414 03/26/2014 03/26/2014 كتاب  
        مكتبة القاهرة الكبرى مكتبة القاهرة الكبرى 08/20/2022   811.9\ا ش 168274 08/20/2022 08/20/2022 كتاب ddc
        مكتبة القاهرة الكبرى مكتبة القاهرة الكبرى 08/20/2022   811.9\ا ش 168275 08/20/2022 08/20/2022 كتاب ddc
        مكتبة القاهرة الكبرى مكتبة القاهرة الكبرى 08/20/2022   811.9\ا ش 168276 08/20/2022 08/20/2022 كتاب ddc

Powered By

EGPV